"Own - children" estimates of fertility of the Thai hill tribes
Guardado en:
| Formato: | Libro |
|---|---|
| Lenguaje: | inglés tailandés |
| Publicado: |
Bangkok
National Statistical Office
1997
|
| Materias: | |
| Etiquetas: |
Sin Etiquetas, Sea el primero en etiquetar este registro!
|
MARC
| LEADER | 00000nam a2200000 4500 | ||
|---|---|---|---|
| 001 | c100320 | ||
| 005 | 20251217130123.6 | ||
| 020 | |a 974-236-595-4 | ||
| 041 | 0 | |a eng | |
| 041 | 0 | |a tha | |
| 044 | |a TH | ||
| 245 | 1 | 0 | |a "Own - children" estimates of fertility of the Thai hill tribes |
| 264 | 1 | |a Bangkok |b National Statistical Office |c 1997 | |
| 300 | |a 42 s. | ||
| 610 | 2 | 0 | |a populácia |
| 610 | 2 | 0 | |a obyvateľstvo |
| 610 | 2 | 0 | |a Thajsko |
| 610 | 2 | 0 | |a deti |